000 00632cam a2200193 i 4500
005 20251207111023.0
008 250721s2003 jo gr 000 0 ara d
082 1 4 _a214.5
_bش ا ه
100 1 _aالشاهين، جهاد
_eمؤلف.
245 1 0 _aعذاب القبر ونعيمه /
_cجهاد الشاهين.
264 3 1 _aعمان :
_bدار الخليج للنشر والتوزيع،
_c2003.
300 _a80 صفحة.
650 1 7 _aالإسلام.
650 1 7 _aاليوم الآخر.
650 1 7 _aالقبر.
650 1 7 _aالعقيدة الدينية.
942 _2ddc
_cBK
999 _c90005
_d90005